MARC details
| 000 -LEADER |
| campo de control de longitud fija |
01095nac a2200253 a 4500 |
| 003 - IDENTIFICADOR DE NÚMERO DE CONTROL |
| campo de control |
CO-PeBPM |
| 005 - FECHA Y HORA DE LA ÚLTIMA TRANSACCIÓN |
| campo de control |
20251028165138.0 |
| 008 - DATOS DE LONGITUD FIJA--INFORMACIÓN GENERAL |
| campo de control de longitud fija |
251028s2000 ck a|||| |||| 00| 0 spa d |
| 020 ## - NÚMERO INTERNACIONAL ESTÁNDAR DEL LIBRO |
| Número Internacional Estándar del Libro |
9789587587005 |
| 040 ## - FUENTE DE CATALOGACIÓN |
| Centro catalogador/agencia de origen |
CO-PeBPM |
| Lengua de catalogación |
spa |
| Centro/agencia transcriptor |
CO-PeBPM |
| Normas de descripción |
rda |
| 041 ## - CÓDIGO DE IDIOMA |
| Código de lengua del texto/banda sonora o título independiente |
spa |
| 082 04 - NÚMERO DE LA CLASIFICACIÓN DECIMAL DEWEY |
| Número de clasificación |
(i) 813 W699h |
| Número de edición |
22 |
| 100 1# - ENTRADA PRINCIPAL--NOMBRE DE PERSONA |
| Nombre de persona |
Willems, Mo |
| Término indicativo de función/relación |
autor |
| 245 10 - MENCIÓN DEL TÍTULO |
| Título |
¡Hoy voy a volar! |
| Resto del título |
: Un libro de elefante y cerdita |
| Mención de responsabilidad, etc. |
/ Mo Willems ; traducido por María Candelaria Posada |
| 260 ## - PUBLICACIÓN, DISTRIBUCIÓN, ETC. |
| Lugar de publicación, distribución, etc. |
Bogotá, Colombia |
| Nombre del editor, distribuidor, etc. |
: Altea |
| Fecha de publicación, distribución, etc. |
, 2014 |
| 300 ## - DESCRIPCIÓN FÍSICA |
| Extensión |
57 páginas |
| Otras características físicas |
ilustraciones a color |
| Dimensiones |
22 centimetros |
| 490 ## - MENCIÓN DE SERIE |
| Mención de serie |
Elefante y cerdita |
| 520 ## - RESUMEN, ETC. |
| Sumario, etc. |
Geraldo es cuidadoso, cerdita no. Cerdita no deja de sonreír, Geraldo si. Geraldo se preocupa porque Cerdita no tenga que dejar de hacerlo. En ¡hoy quiero volar! Cerdita quiere volar, pero Geraldo sabe que no puede ¿o será que ella si puede?...tomado de la contraportada |
| 650 14 - PUNTO DE ACCESO ADICIONAL DE MATERIA--TÉRMINO DE MATERIA |
| Término de materia o nombre geográfico como elemento de entrada |
Cuentos infantiles |
| Fuente del encabezamiento o término |
LEMB |
| 650 14 - PUNTO DE ACCESO ADICIONAL DE MATERIA--TÉRMINO DE MATERIA |
| Término de materia o nombre geográfico como elemento de entrada |
Cuentos infantiles estadounidenses |
| Fuente del encabezamiento o término |
LEMB |
| 650 14 - PUNTO DE ACCESO ADICIONAL DE MATERIA--TÉRMINO DE MATERIA |
| Término de materia o nombre geográfico como elemento de entrada |
Amistad |
| Fuente del encabezamiento o término |
LEMB |
| 700 ## - ENTRADA AGREGADA--NOMBRE PERSONAL |
| Nombre de persona |
Posada, María Candelaria |
| 942 ## - ELEMENTOS DE ENTRADA SECUNDARIOS (KOHA) |
| Fuente del sistema de clasificación o colocación |
Clasificación Decimal Dewey |
| Tipo de ítem Koha |
Literatura infantil |
| Suprimir en OPAC |
No |